[Event "Uni De Paula Santander op 3rd"]
[Site "Ocana"]
[Date "2017.09.29"]
[Round "2"]
[White "Rojas Castillo, Andrea Lizeth"]
[Black "Mendez Rivera, Anderson Heribert"]
[Result "1/2-1/2"]
[WhiteElo "1649"]
[BlackElo "2014"]
[PlyCount "33"]
[EventDate "2017.09.29"]
[EventType "swiss"]
[EventRounds "7"]
[EventCountry "COL"]
[SourceTitle "CBM 181 Extra"]
[Source "ChessBase"]
[SourceDate "2017.12.12"]
[SourceVersion "1"]
[SourceVersionDate "2017.12.12"]
[SourceQuality "1"]

1. d4 Nf6 2. Bf4 g6 3. e3 Bg7 4. Nf3 d5 5. c4 c6 6. Nc3 0-0 7. Be2 Qb6 8. Qb3 Qxb3 9. axb3 Nbd7 10. h3 dxc4 11. bxc4 b6 12. 0-0 Bb7 13. Rfd1 Rfe8 14. Ne5 a6 15. Bf3 Rac8 16. b4 Red8 17. Kf1 1/2-1/2

[Event "Bucaramanga Rueda Plata Memorial"]
[Site "Bucaramanga"]
[Date "2017.07.23"]
[Round "3"]
[White "Sanchez Castellanos, German Alex"]
[Black "Mendez Rivera, Anderson Heribert"]
[Result "1/2-1/2"]
[WhiteElo "2103"]
[BlackElo "2014"]
[PlyCount "85"]
[EventDate "2017.07.22"]
[EventType "swiss"]
[EventRounds "6"]
[EventCountry "COL"]
[SourceTitle "EXT 2020"]
[Source "ChessBase"]
[SourceDate "2019.10.17"]
[SourceVersion "1"]
[SourceVersionDate "2019.10.17"]
[SourceQuality "1"]

1. d4 Nf6 2. c4 g6 3. Nc3 Bg7 4. e4 d6 5. f3 0-0 6. Be3 e5 7. Nge2 exd4 8. Nxd4 Nc6 9. Qd2 a6 10. 0-0-0 Be6 11. h4 Nxd4 12. Bxd4 b5 13. h5 c5 14. Bf2 Nxh5 15. g4 Nf6 16. Qxd6 Qa5 17. Qh2 Rfd8 18. Rxd8+ Rxd8 19. e5 Nd7 20. Qxh7+ Kf8 21. Bh4 Re8 22. f4 b4 23. Nb1 Qxa2 24. Bd3 Bxc4 25. Bxg6 fxg6 26. Qxg6 Be6 27. Qe4 Qd5 28. Qxd5 Bxd5 29. Rd1 Nb6 30. Bf2 Rc8 31. Nd2 a5 32. Re1 a4 33. Re3 c4 34. Re1 Nd7 35. Ne4 Bxe4 36. Rxe4 Nc5 37. Bxc5+ Rxc5 38. Kc2 b3+ 39. Kc3 Ke7 40. Rd4 Rxe5 41. fxe5 Bxe5 42. Kxc4 Bxd4 43. Kb4 1/2-1/2

[Event "Bucaramanga Udi Cup"]
[Site "Bucaramanga"]
[Date "2014.10.17"]
[Round "5"]
[White "Mendez Rivera, Anderson Heribert"]
[Black "Espinosa, Julio Manuel"]
[Result "1/2-1/2"]
[WhiteElo "1990"]
[BlackElo "2252"]
[PlyCount "32"]
[EventDate "2014.10.15"]
[EventType "swiss"]
[EventRounds "9"]
[EventCountry "COL"]
[SourceTitle "EXT 2015"]
[Source "ChessBase"]
[SourceDate "2014.11.20"]
[SourceVersion "1"]
[SourceVersionDate "2014.11.20"]
[SourceQuality "1"]

1. e4 c5 2. Nf3 a6 3. c4 d6 4. Nc3 e5 5. d3 Nc6 6. Be2 Nf6 7. 0-0 Be7 8. h3 0-0 9. Be3 Rb8 10. Nh2 b5 11. b3 b4 12. Nd5 Nxd5 13. exd5 Nd4 14. Bxd4 exd4 15. Re1 a5 16. Nf1 Bg5 1/2-1/2

[Event "San Antonio del Tachira op"]
[Site "San Antonio del Tachira"]
[Date "2013.12.20"]
[Round "2"]
[White "Mendez Rivera, Anderson Heribert"]
[Black "Zavarce Sayago, Oscar Enrique"]
[Result "0-1"]
[WhiteElo "1994"]
[BlackElo "2210"]
[PlyCount "90"]
[EventDate "2013.12.19"]
[EventType "swiss"]
[EventRounds "7"]
[EventCountry "VEN"]
[SourceTitle "CBM 158 Extra"]
[Source "ChessBase"]
[SourceDate "2014.02.28"]
[SourceVersion "1"]
[SourceVersionDate "2014.02.28"]
[SourceQuality "1"]

1. e4 c5 2. d4 cxd4 3. c3 dxc3 4. Nxc3 e6 5. Nf3 a6 6. Bc4 Qc7 7. Qe2 b5 8. Bb3 Nc6 9. Bg5 Bd6 10. 0-0 h6 11. Be3 Nge7 12. Rfd1 Ng6 13. Rac1 Qb8 14. Qd2 Be7 15. Ne2 0-0 16. Ng3 Bb4 17. Qc2 Na5 18. a3 Nxb3 19. Qxb3 Be7 20. Nh5 d6 21. Nd4 Bd7 22. f4 Qd8 23. Nc6 Qe8 24. Qc3 f6 25. Nxe7+ Qxe7 26. Qb4 Rac8 27. Qxd6 Rxc1 28. Bxc1 Bc8 29. Qxe7 Nxe7 30. Be3 Kf7 31. Bc5 Re8 32. Ng3 g5 33. fxg5 hxg5 34. Bxe7 Kxe7 35. Kf2 Bb7 36. Rc1 Kd6 37. Ke3 Bc6 38. Rd1+ Kc7 39. Rf1 f5 40. exf5 exf5+ 41. Kf2 f4 42. Nf5 Rd8 43. g3 Be4 44. Rc1+ Kb6 45. Ng7 Rd2+ 0-1

[Event "Santander Departamental-ch"]
[Site "Santander"]
[Date "2013.11.29"]
[Round "4"]
[White "Suarez Pinto, Sergio Rafael"]
[Black "Mendez Rivera, Anderson Heribert"]
[Result "0-1"]
[WhiteElo "1778"]
[BlackElo "1994"]
[PlyCount "46"]
[EventDate "2013.11.28"]
[EventType "swiss"]
[EventRounds "8"]
[EventCountry "COL"]
[SourceTitle "CBM 157 Extra"]
[Source "ChessBase"]
[SourceDate "2013.12.19"]
[SourceVersion "1"]
[SourceVersionDate "2013.12.19"]
[SourceQuality "1"]

1. e4 c5 2. Nf3 Nc6 3. d4 cxd4 4. Nxd4 e6 5. Be3 Nf6 6. Bd3 d5 7. Nxc6 bxc6 8. e5 Nd7 9. f4 Ba6 10. 0-0 Bxd3 11. cxd3 Rb8 12. b3 c5 13. Nd2 Qa5 14. Rc1 Be7 15. Rc2 0-0 16. Qg4 Qb5 17. Qe2 Rbc8 18. Rfc1 Nb8 19. Nb1 Na6 20. Nc3 Qa5 21. Na4 Qb4 22. Nc3 Qb6 23. Na4 Qc6 0-1

[Event "Santander UDI Cup"]
[Site "Santander"]
[Date "2013.06.01"]
[Round "4"]
[White "Mendez Rivera, Anderson Heribert"]
[Black "Martinez, Julian"]
[Result "0-1"]
[WhiteElo "1982"]
[BlackElo "2175"]
[PlyCount "73"]
[EventDate "2013.05.31"]
[EventType "swiss"]
[EventRounds "8"]
[EventCountry "COL"]
[SourceTitle "CBM 154 Extra"]
[Source "ChessBase"]
[SourceDate "2013.06.25"]
[SourceVersion "2"]
[SourceVersionDate "2013.06.25"]
[SourceQuality "1"]

1. e4 e5 2. Nf3 Nf6 3. Nxe5 d6 4. Nf3 Nxe4 5. Nc3 Nxc3 6. dxc3 Be7 7. Bf4 Bg4 8. Bd3 Nd7 9. h3 Bh5 10. Qd2 Nc5 11. 0-0-0 Bxf3 12. gxf3 Nxd3+ 13. cxd3 Qd7 14. Rhg1 g6 15. Qe3 0-0 16. Bh6 Rfe8 17. Qd4 Bf8 18. Bxf8 Rxf8 19. h4 Qf5 20. f4 Rfe8 21. Rg5 Qe6 22. c4 c5 23. Qd5 h6 24. Qxe6 Rxe6 25. Rd5 Rf6 26. h5 Re8 27. hxg6 fxg6 28. d4 Rxf4 29. Rxd6 Kf7 30. Rg1 cxd4 31. Rdxg6 Re1+ 32. Rxe1 Kxg6 33. Rg1+ Kf5 34. Rg2 Ke4 35. Rh2 h5 36. Kd2 h4 37. b4 0-1

[Event "Santander UDI Cup"]
[Site "Santander"]
[Date "2013.05.31"]
[Round "1"]
[White "Salamanca Ray, Guillermo"]
[Black "Mendez Rivera, Anderson Heribert"]
[Result "0-1"]
[WhiteElo "1586"]
[BlackElo "1982"]
[PlyCount "44"]
[EventDate "2013.05.31"]
[EventType "swiss"]
[EventRounds "8"]
[EventCountry "COL"]
[SourceTitle "CBM 154 Extra"]
[Source "ChessBase"]
[SourceDate "2013.06.25"]
[SourceVersion "2"]
[SourceVersionDate "2013.06.25"]
[SourceQuality "1"]

1. e4 c5 2. Nf3 d6 3. d4 cxd4 4. Nxd4 Nf6 5. Nc3 g6 6. Be2 Bg7 7. Be3 Nc6 8. f4 0-0 9. Qd2 Bg4 10. 0-0-0 Bxe2 11. Qxe2 Nh5 12. g4 Nxf4 13. Bxf4 Bxd4 14. Bh6 Re8 15. Rhf1 Bxc3 16. bxc3 Qa5 17. Qc4 Ne5 18. Qb3 Rac8 19. Rd5 Qxc3 20. Rb5 Qa1+ 21. Qb1 Qxb1+ 22. Rxb1 Nxg4 0-1

[Event "COL-ch Universities"]
[Site "Santa Marta"]
[Date "2012.10.28"]
[Round "5"]
[White "Mendez Rivera, Anderson Heribert"]
[Black "Bolivar Losada, Jeison"]
[Result "1-0"]
[WhiteElo "1991"]
[BlackElo "2102"]
[PlyCount "53"]
[EventDate "2012.10.26"]
[EventType "swiss"]
[EventRounds "6"]
[EventCountry "COL"]
[SourceTitle "EXT 2015"]
[Source "ChessBase"]
[SourceDate "2014.11.20"]
[SourceVersion "1"]
[SourceVersionDate "2014.11.20"]
[SourceQuality "1"]

1. e4 c5 2. d4 cxd4 3. c3 Nf6 4. e5 Nd5 5. Nf3 e6 6. cxd4 d6 7. Bd3 Qc7 8. 0-0 Nc6 9. Re1 Be7 10. Na3 a6 11. Bd2 b5 12. Rc1 Qb6 13. Be4 0-0 14. Qc2 Nxd4 15. Nxd4 Qxd4 16. exd6 Bf6 17. Bxh7+ Kh8 18. Re4 Qxb2 19. Qd3 Bd7 20. Nc2 g5 21. Rg4 Nf4 22. Rxf4 gxf4 23. Qh3 Bg5 24. Be4+ Kg7 25. Bc3+ e5 26. Qh7+ Kf6 27. Bxb2 1-0

[Event "COL-ch Universities"]
[Site "Santa Marta"]
[Date "2012.10.26"]
[Round "2"]
[White "Mendez Rivera, Anderson Heribert"]
[Black "Moran, Daniel Stiven"]
[Result "1/2-1/2"]
[WhiteElo "1991"]
[BlackElo "2120"]
[PlyCount "77"]
[EventDate "2012.10.26"]
[EventType "swiss"]
[EventRounds "6"]
[EventCountry "COL"]
[SourceTitle "EXT 2015"]
[Source "ChessBase"]
[SourceDate "2014.11.20"]
[SourceVersion "1"]
[SourceVersionDate "2014.11.20"]
[SourceQuality "1"]

1. e4 d5 2. exd5 Qxd5 3. Nc3 Qd6 4. d3 Nf6 5. Be2 c6 6. Bf3 Nbd7 7. Nge2 Ne5 8. Ng3 Nxf3+ 9. Qxf3 Bg4 10. Qf4 e5 11. Qd2 0-0-0 12. 0-0 h5 13. h3 Bd7 14. Qe3 b6 15. Nce4 Qc7 16. Ng5 Be8 17. Re1 h4 18. Nf1 Nd5 19. Qf3 Qd7 20. Qe4 f6 21. Nf3 Nb4 22. Ne3 Na6 23. Qf5 Kc7 24. Bd2 Qf7 25. Qe4 Nc5 26. Qc4 Qxc4 27. Nxc4 Bf7 28. Be3 Bd5 29. Ncd2 Ne6 30. Nh2 c5 31. a4 a6 32. a5 b5 33. b4 Nd4 34. c4 Bc6 35. cxb5 Nxb5 36. bxc5 Rxd3 37. Nc4 Be7 38. Nf3 Bxf3 39. gxf3 1/2-1/2

[Event "Santander U20"]
[Site "Santander"]
[Date "2012.07.18"]
[Round "11"]
[White "Carreno Acevedo, Jhonatan Robert"]
[Black "Mendez Rivera, Anderson Heribert"]
[Result "1/2-1/2"]
[WhiteElo "1842"]
[BlackElo "1984"]
[PlyCount "23"]
[EventDate "2012.07.13"]
[EventType "tourn"]
[EventRounds "11"]
[EventCountry "COL"]
[SourceTitle "EXT 2014"]
[Source "ChessBase"]
[SourceDate "2013.11.20"]
[SourceVersion "1"]
[SourceVersionDate "2013.11.20"]
[SourceQuality "1"]

1. e4 g6 2. d4 c5 3. c3 cxd4 4. cxd4 Bg7 5. Nf3 Nc6 6. Be3 Nf6 7. Nc3 Ng4 8. Bc1 Qa5 9. h3 Nf6 10. Bd3 d6 11. Be3 0-0 12. 0-0 1/2-1/2

[Event "Santander U20"]
[Site "Santander"]
[Date "2012.07.16"]
[Round "8"]
[White "Mendez Rivera, Anderson Heribert"]
[Black "Sanchez Liecano, Sebastian Felipe"]
[Result "1/2-1/2"]
[WhiteElo "1984"]
[BlackElo "2214"]
[PlyCount "35"]
[EventDate "2012.07.13"]
[EventType "tourn"]
[EventRounds "11"]
[EventCountry "COL"]
[SourceTitle "EXT 2014"]
[Source "ChessBase"]
[SourceDate "2013.11.20"]
[SourceVersion "1"]
[SourceVersionDate "2013.11.20"]
[SourceQuality "1"]

1. e4 c5 2. d4 cxd4 3. c3 d5 4. exd5 Qxd5 5. cxd4 e6 6. Nf3 Nf6 7. Nc3 Qd6 8. Bg5 Be7 9. Rc1 Nc6 10. Bb5 0-0 11. 0-0 a6 12. Bxf6 Bxf6 13. Ne4 Qe7 14. Bxc6 bxc6 15. Nxf6+ Qxf6 16. Rxc6 Bb7 17. Rc7 Bd5 18. Qd3 1/2-1/2

[Event "Santander UDI University op U27"]
[Site "Santander"]
[Date "2012.03.31"]
[Round "4"]
[White "Mendez Rivera, Anderson Heribert"]
[Black "Soto, Cristian Camilo"]
[Result "1/2-1/2"]
[WhiteElo "1962"]
[BlackElo "1787"]
[PlyCount "127"]
[EventDate "2012.03.29"]
[EventType "swiss"]
[EventRounds "9"]
[EventCountry "COL"]
[SourceTitle "CBM 147 Extra"]
[Source "ChessBase"]
[SourceDate "2012.04.24"]
[SourceVersion "1"]
[SourceVersionDate "2012.04.24"]
[SourceQuality "1"]

1. e4 c5 2. d4 cxd4 3. c3 d3 4. Bxd3 d6 5. c4 Nc6 6. Nc3 g6 7. Nf3 Bg7 8. 0-0 Nf6 9. h3 0-0 10. Bg5 h6 11. Be3 Be6 12. Nd5 Kh7 13. Qd2 Nd7 14. Nf4 Nce5 15. Nxe5 Nxe5 16. Nxe6 fxe6 17. Be2 Rc8 18. Rac1 Qe8 19. f4 Nd7 20. Bg4 Qf7 21. e5 Rfd8 22. Bxa7 h5 23. Bf3 dxe5 24. fxe5 Nxe5 25. Qe2 Qe8 26. Bxb7 Rc7 27. Qe4 Rdd7 28. Ba6 Rxa7 29. Bb5 Qa8 30. Qxa8 Rxa8 31. Bxd7 Nxd7 32. Rfd1 Nb6 33. b4 Rc8 34. c5 Nd5 35. b5 Nc3 36. Rxc3 Bxc3 37. c6 Ba5 38. Rd7 Rc7 39. Rd3 Kg7 40. Kf2 Bb6+ 41. Ke2 Kf6 42. a4 e5 43. Rc3 Ra7 44. Kd3 Kf5 45. g4+ hxg4 46. hxg4+ Kxg4 47. a5 Rxa5 48. c7 Bxc7 49. Rxc7 Kf5 50. Kc4 e6 51. Rf7+ Ke4 52. Rg7 Kf5 53. Rf7+ Kg5 54. b6 Ra8 55. Kc5 Rd8 56. b7 e4 57. Rd7 Rb8 58. Kd4 Kf6 59. Kxe4 g5 60. Rc7 e5 61. Rc6+ Ke7 62. Rc7+ Ke6 63. Rc6+ Kd7 64. Rg6 1/2-1/2

[Event "Santander UDI University op U27"]
[Site "Santander"]
[Date "2012.03.30"]
[Round "2"]
[White "Arenas Vanegas, David"]
[Black "Mendez Rivera, Anderson Heribert"]
[Result "1/2-1/2"]
[WhiteElo "2423"]
[BlackElo "1962"]
[PlyCount "79"]
[EventDate "2012.03.29"]
[EventType "swiss"]
[EventRounds "9"]
[EventCountry "COL"]
[SourceTitle "CBM 147 Extra"]
[Source "ChessBase"]
[SourceDate "2012.04.24"]
[SourceVersion "1"]
[SourceVersionDate "2012.04.24"]
[SourceQuality "1"]

1. e4 c5 2. Nf3 d6 3. d4 cxd4 4. Nxd4 Nf6 5. Nc3 g6 6. Be3 Bg7 7. f3 0-0 8. Qd2 Nc6 9. g4 e5 10. Nb3 Be6 11. 0-0-0 Bxb3 12. cxb3 Nd4 13. Be2 Rc8 14. Kb1 Nd7 15. Bxd4 exd4 16. Nb5 d5 17. exd5 Nb6 18. Nxa7 Ra8 19. Nb5 Nxd5 20. Nxd4 Qb6 21. Nb5 Ne3 22. Rde1 Rfd8 23. Qc1 Qa5 24. a4 Rd2 25. Nc3 Rxb2+ 26. Qxb2 Bxc3 27. b4 Bxb4 28. Rc1 Qxa4 29. Bd1 Nxd1 30. Rcxd1 Ba3 31. Rd4 Bxb2 32. Rxa4 Rxa4 33. Kxb2 Rf4 34. Rf1 f5 35. gxf5 Rxf5 36. Kc3 Kg7 37. Kd3 Kf6 38. Ke4 Re5+ 39. Kf4 Re2 40. Rb1 1/2-1/2

[Event "Santander-ch"]
[Site "Santander"]
[Date "2012.02.10"]
[Round "7"]
[White "Ruiz Aguilar, Pablo Alexander"]
[Black "Mendez Rivera, Anderson Heribert"]
[Result "1/2-1/2"]
[WhiteElo "2299"]
[BlackElo "1962"]
[PlyCount "50"]
[EventDate "2012.02.03"]
[EventType "tourn"]
[EventRounds "11"]
[EventCountry "COL"]
[SourceTitle "CBM 147 Extra"]
[Source "ChessBase"]
[SourceDate "2012.04.24"]
[SourceVersion "1"]
[SourceVersionDate "2012.04.24"]
[SourceQuality "1"]

1. d4 d5 2. c4 e6 3. Nf3 Nf6 4. g3 Be7 5. Bg2 0-0 6. 0-0 c5 7. cxd5 Nxd5 8. dxc5 Nc6 9. a3 Bxc5 10. b4 Be7 11. Bb2 Bf6 12. Bxf6 Qxf6 13. Ra2 Nc7 14. Rd2 e5 15. Nc3 Bf5 16. Rd6 Qe7 17. Rd2 a6 18. Nh4 Be6 19. Qb1 Nb5 20. Qb2 Nxc3 21. Qxc3 f6 22. Rfd1 Rac8 23. Qe3 Rfd8 24. Rxd8+ Rxd8 25. Rxd8+ Qxd8 1/2-1/2

[Event "Santander-ch"]
[Site "Santander"]
[Date "2012.02.05"]
[Round "4"]
[White "Sanchez, Sebastian Felipe"]
[Black "Mendez Rivera, Anderson Heribert"]
[Result "1/2-1/2"]
[WhiteElo "2192"]
[BlackElo "1962"]
[PlyCount "34"]
[EventDate "2012.02.03"]
[EventType "tourn"]
[EventRounds "11"]
[EventCountry "COL"]
[SourceTitle "CBM 147 Extra"]
[Source "ChessBase"]
[SourceDate "2012.04.24"]
[SourceVersion "1"]
[SourceVersionDate "2012.04.24"]
[SourceQuality "1"]

1. c4 e6 2. Nc3 d5 3. Nf3 Nf6 4. g3 a6 5. cxd5 exd5 6. d4 Bd6 7. Bg2 c6 8. 0-0 Nbd7 9. Bf4 Qc7 10. e3 0-0 11. Rc1 Bxf4 12. gxf4 Nb6 13. Ne5 Bf5 14. f3 Qc8 15. Qb3 Qd8 16. Ne2 h6 17. Ng3 Bh7 1/2-1/2

[Event "Bogota McGregor op 2nd"]
[Site "Bogota"]
[Date "2011.12.07"]
[Round "3"]
[White "Castrillon Gomez, Melissa"]
[Black "Mendez Rivera, Anderson Heribert"]
[Result "1-0"]
[WhiteElo "2210"]
[BlackElo "1940"]
[PlyCount "69"]
[EventDate "2011.12.06"]
[EventType "swiss"]
[EventRounds "10"]
[EventCountry "COL"]
[SourceTitle "CBM 145 Extra"]
[Source "ChessBase"]
[SourceDate "2012.01.03"]
[SourceVersion "1"]
[SourceVersionDate "2012.01.03"]
[SourceQuality "1"]

1. e4 c5 2. Nf3 d6 3. d4 cxd4 4. Nxd4 Nf6 5. Nc3 g6 6. Be3 Bg7 7. f3 0-0 8. Qd2 Nc6 9. Bc4 Bd7 10. Bb3 Rc8 11. 0-0-0 Nxd4 12. Bxd4 b5 13. Bxa7 Qa5 14. Qe3 Ra8 15. Bb6 Qa6 16. Nd5 Nxd5 17. Bxd5 Rac8 18. Bd4 Bxd4 19. Qxd4 Rc5 20. h4 Rfc8 21. h5 Rxc2+ 22. Kb1 Qa4 23. Bxf7+ Kf8 24. Qh8+ Kxf7 25. Qxh7+ Kf8 26. Qh8+ Kf7 27. hxg6+ Ke6 28. Qh3+ Kf6 29. Qh4+ Ke6 30. Qg4+ Kf6 31. Qf4+ Kxg6 32. Rh6+ Kg7 33. Qg5+ Kf8 34. Rh8+ Kf7 35. Rh7+ 1-0

[Event "Bucaramanga UDI-ch"]
[Site "Bucaramanga"]
[Date "2011.04.15"]
[Round "5.3"]
[White "Mendez Rivera, Anderson Heribert"]
[Black "Ruiz Aguilar, Pablo Alexander"]
[Result "1/2-1/2"]
[WhiteElo "1932"]
[BlackElo "2283"]
[PlyCount "74"]
[EventDate "2011.04.15"]
[EventType "swiss"]
[EventRounds "9"]
[EventCountry "COL"]
[SourceTitle "EXT 2024"]
[Source "ChessBase"]
[SourceDate "2023.10.10"]
[SourceVersion "1"]
[SourceVersionDate "2023.10.10"]
[SourceQuality "1"]

1. e4 c5 2. d4 cxd4 3. c3 dxc3 4. Nxc3 Nc6 5. Nf3 e6 6. Bc4 Nge7 7. Bg5 a6 8. 0-0 d6 9. Qe2 h6 10. Bh4 Qa5 11. Rad1 Ng6 12. Bg3 Nge5 13. Bb3 Be7 14. Nd4 0-0 15. Nxc6 bxc6 16. f4 Nd7 17. f5 e5 18. Qh5 Nf6 19. Qh3 Bb7 20. Bh4 Rfd8 21. Kh1 d5 22. Rd3 d4 23. Ne2 c5 24. Bxf6 Bxf6 25. Ng3 Qb5 26. Nh5 Kf8 27. Nxf6 gxf6 28. Qxh6+ Ke7 29. a4 Qc6 30. Bd5 Rxd5 31. exd5 Qxd5 32. Rg3 e4 33. Qf4 Qe5 34. Qh4 Bd5 35. Re1 e3 36. Rg4 Rc8 37. b4 cxb4 1/2-1/2